000 00721 a2200229 4500
003 Nust
005 20170207154051.0
010 _a 2009292542
020 _a0863723322
020 _a9780863723322
035 _a(OCoLC)ocn192079334
040 _cNust
082 _a297
100 1 _aElgamri, Elzain.
245 1 0 _aIslam in the British broadsheets :the impact of Orientalism on representations of Islam in the British press -(E-BOOK)
_cElzain Elgamri.
260 _aReading, UK :
_bIthaca Press,
_c2008.
300 _axxv, 244 ;
_c24 cm.
650 0 _aIslam
_xPress coverage
_zGreat Britain.
650 0 _aJournalism
_xObjectivity
_zGreat Britain.
650 0 _aMuslims
_xPress coverage
_zGreat Britain.
651 _aE-BOOK
942 _2ddc
_cBK
999 _c193123
_d193123